00901nam a2200217 a 450000100100000000500170001000800410002702000150006804000250008308200150010810000350012324501110015826000720026930000280034149000360036950000740040550400310047983000430051095201130055399900170066600004171020201002035719.0131016s2001 sp a 000 0 spa d z8400063228 aDO-SdBNPbspacBNPHU axxxbT323g1 aTerradas Batlle, Xavier96853013aLa gestión de los recursos minerales en las sociedades cazadoras-recolectoras /cXavier Terradas Batlle. aMadrid :bConsejo Superior de Investigaciones Científicas,c2001. a177 p. :bil. ;c24 cm.1 aTreballs d'etnoarqueologíav4 aIncluye referencias bibliográficas y notas al pie de las páginas. aBibliografía: p. 144-164 0aTreballs d'etnoarqueologían4968531 001050718MOaGRbGRcCTd2013-10-16iLF1l0oxxx T323gp41710-10r2020-06-25w2020-06-25y1ZNo se presta c41199d41199